00610nam a2200181 a 450000100100000000500170001000800410002702000180006804000180008608200150010410000240011924500420014326000570018530000280024249000380027050000820030883000380039000003766020201002031111.0121024s2011 pe 000 0 spa d a9789972085635 aDO-SdBNPbspa axxxbB664d1 aBoccaccio, Giovanni13aEl decamerón /cGiovanni Boccaccio. aLima, Perú :bCooperación editora Chirre,c2011. a127 p. :bil. ;c21 cm.1 aGenios de la literatura universal aLa biblioteca posee la primera reimpresión de la primera edición del 2009 0aGenios de la literatura universal